| 000 | 00482cam a2200205ua 4500 | ||
|---|---|---|---|
| 001 | 8169 | ||
| 008 | 150109n ii |||gr||||Z||||||hin | ||
| 020 | _a8170280834 | ||
| 040 | _cMAIN | ||
| 041 | _ahin | ||
| 082 | _a920 | ||
| 100 |
_aMachwe, P., _eAuthor. |
||
| 245 | 1 |
_aJay Shanker Prasad _cBy Prabhakar Machwe |
|
| 250 | _a1st. | ||
| 260 |
_aDelhi: _bRajpal, _c1990. |
||
| 300 | _a91p. | ||
| 653 | _aBiography, genealogy & insignia | ||
| 653 | _aHindi biography | ||
| 942 | _cBK | ||
| 999 |
_c7284 _d7284 |
||